000 00871cam a2200301 a 4500
001 8055
003 BD-RjUL
005 20211208234521.0
008 140116s1974 enka b 000 0 eng
020 _a0333127072
035 _a(BD-RjUL)8100
040 _aLC
_beng
_cLC
_dBD-RjUL
041 _aeng
082 0 4 _a382.17
_bMCM 1974
100 1 _aMcKenzie, George W.
_925119
245 1 4 _aThe monetary theory of international trade. /
_cBy George McKenzie.
260 _aLondon :
_bMacmillan,
_c1974.
300 _a96 p. :
_billus.,
_c21 cm.
490 0 _aMacmillan studies in economics
504 _aBibliography: p. 91-96.
650 0 _aBalance of payments.
_925120
650 0 _aForeign exchange.
_925121
650 0 _aInternational trade.
_925122
650 0 _aInternational finance.
_925123
942 _2ddc
_cBK
999 _c8055
_d8055